[Event "CRO-chT3 West"]
[Site "Croatia"]
[Date "2011.11.05"]
[Round "7.32"]
[White "Karabaic, Ivan"]
[Black "Fabeta, Jasenko"]
[Result "1-0"]
[WhiteElo "2142"]
[BlackElo "2029"]
[PlyCount "63"]
[EventDate "2011.03.12"]
[EventType "team-tourn"]
[EventRounds "9"]
[EventCountry "CRO"]
[SourceTitle "EXT 2014"]
[Source "ChessBase"]
[SourceDate "2013.11.20"]
[SourceVersion "1"]
[SourceVersionDate "2013.11.20"]
[SourceQuality "1"]

1. e4 c5 2. Nc3 Nc6 3. g3 Nf6 4. Bg2 d6 5. h3 a6 6. d3 g6 7. Be3 Bg7 8. Qd2 Bd7 9. Nf3 Qc7 10. 0-0 0-0 11. Bh6 e5 12. Kh2 b5 13. Nh4 Ne7 14. Bxg7 Kxg7 15. f4 Rac8 16. g4 b4 17. Ne2 d5 18. f5 Nfg8 19. exd5 f6 20. Kh1 Qd6 21. c4 bxc3 22. Nxc3 g5 23. Nf3 Nxd5 24. Nxd5 Qxd5 25. Nxg5 Qd4 26. Ne4 Bb5 27. g5 Bxd3 28. gxf6+ Kf7 29. Ng5+ Kxf6 30. Ne6 Qc4 31. Qg5+ Kf7 32. Qg7+ 1-0

[Event "CRO-chT3 West"]
[Site "Croatia"]
[Date "2011.04.09"]
[Round "4.22"]
[White "Fabeta, Jasenko"]
[Black "Levar, Nenad"]
[Result "1/2-1/2"]
[WhiteElo "2029"]
[BlackElo "2077"]
[PlyCount "62"]
[EventDate "2011.03.12"]
[EventType "team-tourn"]
[EventRounds "9"]
[EventCountry "CRO"]
[SourceTitle "EXT 2014"]
[Source "ChessBase"]
[SourceDate "2013.11.20"]
[SourceVersion "1"]
[SourceVersionDate "2013.11.20"]
[SourceQuality "1"]

1. e4 c5 2. Nf3 Nc6 3. d4 cxd4 4. Nxd4 Nf6 5. Nc3 d6 6. Bc4 Qb6 7. Nb3 a6 8. Be3 Qc7 9. 0-0 g6 10. f4 Bg7 11. Qd2 b5 12. Be2 0-0 13. Nd5 Nxd5 14. exd5 Nb8 15. Nd4 Bb7 16. Bf3 Nd7 17. Rad1 Nb6 18. c3 Nc4 19. Qe2 Nxe3 20. Qxe3 Rfe8 21. f5 Qc5 22. b4 Qc7 23. fxg6 hxg6 24. Be4 Rac8 25. Bxg6 Bxd5 26. Bxf7+ Bxf7 27. Rxf7 Kxf7 28. Qe6+ Kf8 29. Qf5+ Kg8 30. Qe6+ Kf8 31. Qf5+ Kg8 1/2-1/2

[Event "CRO-chT3 West"]
[Site "Croatia"]
[Date "2010.10.23"]
[Round "7.34"]
[White "Pejic, Igor"]
[Black "Fabeta, Jasenko"]
[Result "1/2-1/2"]
[WhiteElo "1912"]
[BlackElo "2037"]
[PlyCount "109"]
[EventDate "2010.03.27"]
[EventType "team-tourn"]
[EventRounds "9"]
[EventCountry "CRO"]
[SourceTitle "EXT 2012"]
[Source "ChessBase"]
[SourceDate "2011.11.24"]
[SourceVersion "1"]
[SourceVersionDate "2011.11.24"]
[SourceQuality "1"]

1. e4 c5 2. Nc3 Nc6 3. Nf3 d6 4. Bb5 Bd7 5. Bxc6 Bxc6 6. d4 cxd4 7. Qxd4 Nf6 8. Bg5 Qa5 9. 0-0-0 0-0-0 10. Rhe1 Nd7 11. Qc4 h6 12. Bh4 g5 13. Bg3 Bg7 14. Nd5 Rhe8 15. Re3 Qc5 16. Qb3 Qb5 17. Qxb5 Bxb5 18. e5 dxe5 19. Bxe5 Nxe5 20. Nxe5 e6 21. Nc3 Bxe5 22. Rxe5 Bc6 23. Ne4 Bxe4 24. Rxe4 Rxd1+ 25. Kxd1 f5 26. Re3 Kd7 27. Rh3 Rh8 28. c4 Kd6 29. Kc2 Rh7 30. b4 h5 31. Kc3 e5 32. Rd3+ Ke6 33. Rd8 h4 34. Re8+ Re7 35. Rg8 Kf6 36. Rf8+ Rf7 37. Rh8 e4 38. c5 Ke5 39. Re8+ Kf4 40. b5 Rc7 41. Kd4 Rd7+ 42. Kc4 g4 43. c6 bxc6 44. bxc6 Rd2 45. Kc5 Rxf2 46. c7 Rxg2 47. c8Q Rc2+ 48. Kd4 Rxc8 49. Rxc8 g3 50. Rc2 gxh2 51. Rxh2 Kg3 52. Rb2 h3 53. Ke3 h2 54. Rb1 Kg2 55. Rb2+ 1/2-1/2

[Event "CRO-chT3 West"]
[Site "Croatia"]
[Date "2010.04.25"]
[Round "6.31"]
[White "Kranjcevic, Mario"]
[Black "Fabeta, Jasenko"]
[Result "1/2-1/2"]
[WhiteElo "2191"]
[BlackElo "2037"]
[PlyCount "84"]
[EventDate "2010.03.27"]
[EventType "team-tourn"]
[EventRounds "9"]
[EventCountry "CRO"]
[SourceTitle "EXT 2012"]
[Source "ChessBase"]
[SourceDate "2011.11.24"]
[SourceVersion "1"]
[SourceVersionDate "2011.11.24"]
[SourceQuality "1"]

1. e4 c5 2. Nf3 d6 3. d4 cxd4 4. Nxd4 Nf6 5. Nc3 a6 6. Bc4 e6 7. Bb3 Be7 8. Be3 Qc7 9. g4 h6 10. h4 Nc6 11. Rg1 Bd7 12. g5 hxg5 13. hxg5 Nh5 14. g6 Nxd4 15. gxf7+ Kxf7 16. Bxd4 Bf6 17. Qf3 Raf8 18. e5 dxe5 19. Be3 Nf4 20. Ne4 Bc6 21. 0-0-0 Bxe4 22. Qxe4 Ne2+ 23. Kb1 Nxg1 24. Rxg1 Qc6 25. Qg6+ Ke7 26. f3 Qxf3 27. Bc5+ Kd7 28. Bxf8 Rxf8 29. Re1 Qf5 30. Qg1 Rd8 31. Qb6 Qf3 32. Qxe6+ Kc7 33. a3 Rd1+ 34. Rxd1 Qxd1+ 35. Ka2 Qd7 36. Qc4+ Kb8 37. c3 g5 38. Qg8+ Ka7 39. Bd5 Qg7 40. Qc8 g4 41. Qc5+ Kb8 42. Qd6+ Ka7 1/2-1/2

[Event "CRO-chT3 West"]
[Site "Croatia"]
[Date "2010.04.24"]
[Round "4.21"]
[White "Glavas, Dragan"]
[Black "Fabeta, Jasenko"]
[Result "1-0"]
[WhiteElo "2344"]
[BlackElo "2037"]
[PlyCount "101"]
[EventDate "2010.03.27"]
[EventType "team-tourn"]
[EventRounds "9"]
[EventCountry "CRO"]
[SourceTitle "EXT 2012"]
[Source "ChessBase"]
[SourceDate "2011.11.24"]
[SourceVersion "1"]
[SourceVersionDate "2011.11.24"]
[SourceQuality "1"]

1. d4 Nf6 2. c4 e6 3. Nc3 Bb4 4. e3 c5 5. a3 Bxc3+ 6. bxc3 0-0 7. Bd3 d5 8. Nf3 Qc7 9. Qc2 Nbd7 10. 0-0 dxc4 11. Bxc4 cxd4 12. cxd4 Nb6 13. Bd3 Qxc2 14. Bxc2 Bd7 15. Bd3 Bc6 16. Ne5 Be4 17. Be2 Nfd7 18. f3 Bc2 19. Nxd7 Nxd7 20. Bd2 Rfc8 21. Rfc1 Ba4 22. Rab1 Nb6 23. Rc5 Bc6 24. Kf2 Nd7 25. Rc3 Nb6 26. e4 Rd8 27. Be3 Rac8 28. Rb4 Kf8 29. a4 Bxa4 30. Ra3 Bc6 31. Rxa7 Nd7 32. Bc4 Nf6 33. g4 h6 34. h4 Ra8 35. Rxa8 Rxa8 36. g5 hxg5 37. hxg5 Nxe4+ 38. fxe4 Bxe4 39. Rb2 Ra4 40. Be2 Ra5 41. Bf4 Ra4 42. Bd6+ Kg8 43. Ke3 Bd5 44. Bd3 Ra1 45. Rh2 Rh1 46. Rc2 Bc6 47. Ra2 g6 48. Ra8+ Kg7 49. Be5+ f6 50. gxf6+ Kf7 51. Rc8 1-0

[Event "CRO-chT3 West"]
[Site "Croatia"]
[Date "2010.03.28"]
[Round "2.12"]
[White "Fabeta, Jasenko"]
[Black "Sercer, Zoran"]
[Result "0-1"]
[WhiteElo "2037"]
[BlackElo "2101"]
[PlyCount "56"]
[EventDate "2010.03.27"]
[EventType "team-tourn"]
[EventRounds "9"]
[EventCountry "CRO"]
[SourceTitle "EXT 2012"]
[Source "ChessBase"]
[SourceDate "2011.11.24"]
[SourceVersion "1"]
[SourceVersionDate "2011.11.24"]
[SourceQuality "1"]

1. e4 c6 2. d4 d5 3. Nc3 dxe4 4. Nxe4 Bf5 5. Ng3 Bg6 6. Nf3 Nd7 7. Bd3 Bxd3 8. Qxd3 e6 9. 0-0 Qc7 10. c4 Ngf6 11. a3 Rd8 12. b4 Be7 13. Bb2 0-0 14. Qe2 a5 15. Bc3 axb4 16. axb4 Ra8 17. Ne5 g6 18. f4 Nb6 19. Qc2 Nfd7 20. Qb3 Nf6 21. h4 Nbd7 22. Qc2 b5 23. h5 Nxe5 24. fxe5 Nd7 25. c5 f5 26. Qb3 Kf7 27. Nxf5 gxf5 28. Rxf5+ Kg7 0-1